Teoría de la contabilidad

Guardat en:
Dades bibliogràfiques
Autor principal: Bértora, Héctor Raúl (Autor)
Format: Llibre
Idioma:espanyol
Publicat: Buenos Aires Macchi 1975
Matèries:
Etiquetes: Afegir etiqueta
Sense etiquetes, Sigues el primer a etiquetar aquest registre!

MARC

LEADER 00000nam a2200000 a 4500
001 UCR9835
003 CL-VaPUC
008 980619e19750000AG |||||||||||||||||spa|d
082 0 4 |a 657  |b BER  |2 21 
100 0 |a Bértora, Héctor Raúl  |e author  |9 412770 
245 1 0 |a Teoría de la contabilidad 
300 |a 151 p 
942 |c BK 
945 |d 19980619 00:00:00  |a cmena 
260 |a Buenos Aires  |b Macchi  |c 1975 
650 0 |a Contabilidad   |9 261430 
650 7 |a TEORIA  |2 CL-VaPUC  |9 412771 
650 0 |a Método científico   |9 337193 
650 0 |a Operaciones administrativas  |9 335045 
650 0 |a Estados de cuentas  |9 352305 
650 0 |a Administración financiera  |9 261146 
650 0 |a Auditoría  |9 307008 
583 |a last modification  |c 19980619 00:00:00  |k Rodrigo Vera 
999 |c 271011  |d 271009 
952 |0 0  |1 0  |4 0  |6 657_000000000000000_BER_1975  |7 0  |8 A  |9 305495  |a BIBGIM  |b BIBGIM  |d 2019-11-20  |i 1422103  |o 657 BER 1975  |p 1422103  |r 2025-01-15  |w 2019-11-20  |y BK  |k COM